01182nam a22002177a 450000500170000000800410001704000290005804100080008708200120009510000330010724200490014024500460018926001350023530000350037050004510040550500180085650600210087454600230089565000210091865000250093920250213152220.0240506s1932 fr ||||fr|||| 00| 0bfre d cSandra YazodSandra Yazo0 afre04220a8431 aMaurois, André,d1885-196703aEl círculo familiarcAndrés Mauroisyspa13aLe cercle de famillecpar André Maurois aParís (Francia)bÉditions Bernard Grasset ; Imprimerie F. Paillart [Ediciones Bernard Grasset ; Imprenta de F. Paillart]c1932 a339, [1] páginasc18 x 12 cm aDetalles físicos: Sin encuadernación original, actualmente encuadernación rígida (holandesa) cartón forrado en papel texturizado (negro). Lomo en tela, con letras y líneas decorativas en dorado. Guardas. Hoja de cortesía. Anteportada. Portada impresa en una sola tinta. Texto impreso en una columna, con diferentes tipos y tamaños de letra. Cortes decorados con jaspeados de color rojo. Papel con oxidación de tintas en bordes. 0 aParte I - III aConsulta en sala aTexto en francés 7aNovela francesa  7aLiteratura francesa